000 00278nam a22001217a 4500
008 181023b xxu||||| |||| 00| 0 eng d
041 _aeng
080 _a910
100 _a45
101 _aNDE
245 _aBorders Crossing Into Your Future
_cAmbler.l
942 _2udc
_cBK
999 _c50670
_d50670